| 000 | 01079nam a2200253Ia 4500 | ||
|---|---|---|---|
| 999 |
_c53038 _d53038 |
||
| 003 | GCL | ||
| 005 | 20240530105102.0 | ||
| 008 | 140319s1991 ua d 000 0 ara d | ||
| 017 | _a1990/9443 | ||
| 020 | _a977072646 | ||
| 040 |
_aGCL / _cGCL |
||
| 082 | 0 | 4 |
_a953.0738 _bق/أ ح |
| 100 | 0 | _aالسيد طه السيد ابو سديرة | |
| 245 | 1 | 2 |
_aالحرف والصناعات فى مصر الاسلامية منذ الفتح العربى حتى نهاية العصر الفاطمى : _b20 - 567 هـ / 641 - 1171 م / _cتاليف السيد طه السيد ابو سديرة |
| 260 |
_aالقاهرة : _bالهيئة المصرية العامة للكتاب ، _c1991. |
||
| 300 |
_a495 ص ؛ _c24 سم |
||
| 490 | 0 |
_aالالف كتاب الثانى ؛ _v95. |
|
| 650 | 0 | 7 | _aالدولة الاخشيدية |
| 650 | 0 | 7 |
_2qrmak _aالصناعات اليدوية _zمصر |
| 650 | 0 | 7 |
_2qrmak _aالعصر الطولونى _x(868 - 905م) |
| 651 | 0 | 7 |
_2qrmak _aمصر _xتاريخ |
| 651 | 0 | 7 |
_2qrmak _aمصر _xالاحوال الاجتماعية |
| 942 |
_2ddc _cBK |
||